Proceedings /

Bibliographic Details
Corporate Author: International Conference on Numerical Methods in Fluid Dynamics University of California, Berkeley
Other Authors: Holt, Maurice
Format: Conference Proceeding Book
Language:English
Published: Berlin, New York : Springer-Verlag, 1971.
Series:Lecture notes in physics ; 8.
Subjects:

MARC

Tag First Indicator Second Indicator Subfields
LEADER 00000cam a2200000 4500
001 in00000096228
005 20150925085935.0
008 710817s1971 wb a b 10000 eng
010 |a  71159649  
015 |a GDB*** 
020 |a 0387054073 (New York) 
035 |a (OCoLC)00157749 
035 |9 AAL2185AM 
037 |c DM28.00  |c ($7.70 U.S.) 
040 |a DLC  |c DLC  |d TXA  |d UtOrBLW 
049 |a TXAM  |c [1024494] 
050 0 0 |a TL571  |b .I58 1970 
082 0 |a 532/.05 
111 2 |a International Conference on Numerical Methods in Fluid Dynamics  |n (2d :  |d 1970 :  |c University of California, Berkeley) 
245 1 0 |a Proceedings /  |c edited by Maurice Holt. 
264 1 |a Berlin,  |a New York :  |b Springer-Verlag,  |c 1971. 
300 |a ix, 462 pages :  |b illustrations ;  |c 26 cm. 
336 |a text  |b txt  |2 rdacontent 
337 |a unmediated  |b n  |2 rdamedia 
338 |a volume  |b nc  |2 rdacarrier 
490 1 |a Lecture notes in physics ;  |v 8 
504 |a Includes bibliographies. 
650 0 |a Aerodynamics, Supersonic  |x Congresses. 
650 0 |a Fluid dynamics  |v Congresses. 
700 1 |a Holt, Maurice. 
830 0 |a Lecture notes in physics ;  |v 8. 
999 |a MARS 
999 f f |s c5a953d1-56b9-3a4f-b45f-8d4770156619  |i af7abe73-d538-36e8-9002-41a07d4692c0  |t 0 
952 f f |p ric  |a Texas A&M University  |b Rellis Campus  |c Joint Library Facility  |d Remote Storage  |t 0  |e TL571 .I58 1970  |h Library of Congress classification  |i unmediated -- volume  |m A14805543068 
998 f f |a TL571 .I58 1970  |t 0  |l Remote Storage